000
00326nam a2200145Ia 4500
008
200615s9999||||xx |||||||||||||| ||und||
020
_a
9788121914697
082
_a
530
_b
MAT-H
100
_a
HK DASS
245
0
_a
MATHEMATICAL PHYSICS
250
_a
1ST
260
_a
NEW DELHI
_b
S.CHAND
_c
2017
300
_a
750
942
_c
BK
999
_c
31613
_d
31613